[Event "Titled Tuesday intern op 21st May Early"]
[Site "Chess.com INT"]
[Date "2024.05.21"]
[Round "1"]
[White "Mende, Andreas"]
[Black "Grave, Jacob Templen"]
[Result "0-1"]
[WhiteElo "2100"]
[BlackElo "2286"]
[PlyCount "182"]
[EventDate "2024.05.21"]
[EventType "swiss (blitz)"]
[EventRounds "11"]
[EventCountry "USA"]
[SourceTitle "CB22_2024"]
[SourceDate "2024.05.29"]
[SourceVersion "1"]
[SourceVersionDate "2024.05.29"]
[SourceQuality "1"]

1. c4 c5 2. g3 g6 3. Bg2 Bg7 4. Nc3 Nc6 5. Nf3 e5 6. 0-0 d6 7. a3 a5 8. Ne1 Be6 9. d3 Nge7 10. Nd5 0-0 11. Nc2 Rb8 12. Nce3 f5 13. Bd2 b5 14. Rb1 b4 15. Nxe7+ Nxe7 16. Nd5 Nxd5 17. cxd5 Bd7 18. axb4 axb4 19. Qb3 Ra8 20. Ra1 Qb6 21. h4 h6 22. e3 Qb7 23. f4 Kh7 24. e4 Rxa1 25. Rxa1 Ra8 26. Rf1 Ba4 27. Qc4 Bb5 28. Qc2 Rf8 29. exf5 gxf5 30. Kh2 e4 31. dxe4 Bxf1 32. Bxf1 b3 33. Qd3 Bxb2 34. exf5 Bf6 35. g4 Bxh4 36. g5 b2 37. f6+ Kh8 38. Bc3 Rf7 39. g6 Bxf6 40. gxf7 Qxf7 41. Bxf6+ Qxf6 42. Qe4 b1Q 43. Qxb1 Qxf4+ 44. Kg1 Qg3+ 45. Bg2 Qe3+ 46. Kh1 c4 47. Qb2+ Kh7 48. Qc2+ Kg7 49. Qe4 Qxe4 50. Bxe4 Kf6 51. Kg2 Ke5 52. Kf3 Kd4 53. Kf4 Kc3 54. Kf5 Kd2 55. Kg6 c3 56. Kxh6 c2 57. Bxc2 Kxc2 58. Kg5 Kd3 59. Kf5 Kc4 60. Ke4 Kc5 61. Ke3 Kc4 62. Ke4 Kc5 63. Ke3 Kxd5 64. Kd3 Kc5 65. Kc3 Kc6 66. Kd4 Kc7 67. Kd5 Kd7 68. Kd4 Ke6 69. Kd3 Kd5 70. Ke3 Kc4 71. Kd2 Kd4 72. Kc2 Ke3 73. Kc3 d5 74. Kc2 d4 75. Kd1 Kd3 76. Ke1 Kc2 77. Ke2 d3+ 78. Ke3 d2 79. Ke4 d1Q 80. Ke5 Qd3 81. Ke6 Qd4 82. Kf5 Qe3 83. Kf6 Qe4 84. Kg5 Qf3 85. Kg6 Qf4 86. Kh7 Qg4 87. Kh6 Kd3 88. Kh7 Ke4 89. Kh6 Kf5 90. Kh7 Kf6 91. Kh6 Qg6# 0-1

[Event "Titled Tuesday intern op 21st May Early"]
[Site "Chess.com INT"]
[Date "2024.05.21"]
[Round "2"]
[White "Mende, Andreas"]
[Black "Rietze, Clemens"]
[Result "0-1"]
[WhiteElo "2100"]
[BlackElo "2372"]
[PlyCount "56"]
[EventDate "2024.05.21"]
[EventType "swiss (blitz)"]
[EventRounds "11"]
[EventCountry "USA"]
[SourceTitle "CB22_2024"]
[SourceDate "2024.05.29"]
[SourceVersion "1"]
[SourceVersionDate "2024.05.29"]
[SourceQuality "1"]

1. c4 e6 2. g3 d5 3. Bg2 Nf6 4. Nf3 dxc4 5. Qa4+ Nbd7 6. Qxc4 a6 7. 0-0 c5 8. Qc2 b5 9. d4 Bb7 10. Nc3 cxd4 11. Nxd4 Bxg2 12. Kxg2 Bc5 13. Nb3 Be7 14. Rd1 0-0 15. Bg5 Qc8 16. f3 b4 17. Rxd7 Qxd7 18. Ne4 Nxe4 19. Bxe7 Qxe7 20. Qxe4 a5 21. Nd4 Qc5 22. b3 a4 23. Rd1 axb3 24. axb3 Ra2 25. Kf1 g6 26. Rd3 Qc1+ 27. Kf2 Ra1 28. Kg2 Qf1# 0-1

[Event "Titled Tuesday intern op 16th Apr Early"]
[Site "Chess.com INT"]
[Date "2024.04.16"]
[Round "10"]
[White "Mende, Andreas"]
[Black "Korol, Dimitry"]
[Result "0-1"]
[WhiteElo "2101"]
[BlackElo "2287"]
[PlyCount "68"]
[EventDate "2024.04.16"]
[EventType "swiss (blitz)"]
[EventRounds "11"]
[EventCountry "USA"]
[SourceTitle "CB17_2024"]
[SourceDate "2024.04.24"]
[SourceVersion "1"]
[SourceVersionDate "2024.04.24"]
[SourceQuality "1"]

1. c4 c5 2. g3 g6 3. Bg2 Bg7 4. Nc3 Nc6 5. Nf3 Nh6 6. d4 cxd4 7. Bxh6 Bxh6 8. Nxd4 Bg7 9. e3 0-0 10. 0-0 Rb8 11. Rc1 Ne5 12. b3 d6 13. Nd5 Re8 14. h3 Bd7 15. f4 Nc6 16. Nf3 Qa5 17. Qe2 a6 18. e4 b5 19. c5 dxc5 20. Rxc5 e6 21. Ne3 Qb6 22. Rcc1 Nd4 23. Qf2 Nxf3+ 24. Qxf3 Bd4 25. Rfe1 Rbc8 26. Rcd1 Rc3 27. Rxd4 Qxd4 28. Kh2 Rec8 29. Qe2 Rc1 30. Ng4 Rxe1 31. Qxe1 Rc2 32. e5 Bc6 33. Ne3 Rd2 34. Kh1 Bxg2+ 0-1

[Event "Titled Tuesday intern op 16th Apr Early"]
[Site "Chess.com INT"]
[Date "2024.04.16"]
[Round "5"]
[White "Wu, Derek"]
[Black "Mende, Andreas"]
[Result "1-0"]
[WhiteElo "2295"]
[BlackElo "2101"]
[PlyCount "81"]
[EventDate "2024.04.16"]
[EventType "swiss (blitz)"]
[EventRounds "11"]
[EventCountry "USA"]
[SourceTitle "CB17_2024"]
[SourceDate "2024.04.24"]
[SourceVersion "1"]
[SourceVersionDate "2024.04.24"]
[SourceQuality "1"]

1. e4 c5 2. Nf3 Nc6 3. d4 cxd4 4. Nxd4 Nf6 5. Nc3 e5 6. Ndb5 d6 7. Bg5 a6 8. Na3 b5 9. Nd5 Be7 10. Bxf6 Bxf6 11. c3 0-0 12. Nc2 Bg5 13. h4 Bh6 14. g4 Bf4 15. Qf3 b4 16. Bc4 bxc3 17. bxc3 Be6 18. Rd1 Na5 19. Be2 Bxd5 20. Rxd5 Qc7 21. 0-0 Rac8 22. Nb4 Nc4 23. Rfd1 a5 24. Nc2 Nb2 25. Rb1 Na4 26. c4 Qe7 27. h5 Qh4 28. Rxa5 Nc3 29. Re1 Qh2+ 30. Kf1 Nxe2 31. Kxe2 Rxc4 32. Qd3 Rfc8 33. Qxc4 Rb8 34. Rb1 Rf8 35. Qd3 Qh4 36. Qf3 f5 37. exf5 e4 38. Qxf4 d5 39. Rxd5 Qf6 40. Rb8 Qa6+ 41. Ke1 1-0

[Event "Titled Tuesday intern op 02nd Apr Early"]
[Site "Chess.com INT"]
[Date "2024.04.02"]
[Round "10"]
[White "Mende, Andreas"]
[Black "Schut, Han"]
[Result "1-0"]
[WhiteElo "2101"]
[BlackElo "2091"]
[PlyCount "51"]
[EventDate "2024.04.02"]
[EventType "swiss (blitz)"]
[EventRounds "11"]
[EventCountry "USA"]
[SourceTitle "CB15_2024"]
[SourceDate "2024.04.10"]
[SourceVersion "1"]
[SourceVersionDate "2024.04.10"]
[SourceQuality "1"]

1. c4 Nf6 2. g3 g6 3. Bg2 d5 4. cxd5 Nxd5 5. Nc3 Nb6 6. d3 Bg7 7. Be3 0-0 8. Qd2 Re8 9. Bh6 Bh8 10. h4 c5 11. h5 Nc6 12. hxg6 fxg6 13. Nf3 c4 14. 0-0-0 cxd3 15. exd3 e5 16. Ng5 Bf5 17. Nxh7 Rc8 18. Ne4 a5 19. Kb1 Nb4 20. Bg5 Qd4 21. Nhf6+ Kf7 22. Rh7+ Bg7 23. Bh6 Rc2 24. Rxg7+ Ke6 25. Ng5+ Kxf6 26. Rf7# 1-0

[Event "Barcelona Sants op 16th"]
[Site "Barcelona"]
[Date "2014.08.25"]
[Round "4"]
[White "Mende, Andreas"]
[Black "Novikov, Stanislav"]
[Result "0-1"]
[WhiteElo "2148"]
[BlackElo "2562"]
[PlyCount "50"]
[EventDate "2014.08.22"]
[EventType "swiss"]
[EventRounds "10"]
[EventCountry "ESP"]
[SourceTitle "CBM 162 Extra"]
[Source "ChessBase"]
[SourceDate "2014.10.17"]
[SourceVersion "1"]
[SourceVersionDate "2014.10.17"]
[SourceQuality "1"]

1. d4 Nf6 2. c4 g6 3. f3 Bg7 4. e4 d6 5. Nc3 a6 6. Be3 c6 7. Bd3 b5 8. e5 Nfd7 9. f4 Nb6 10. b3 bxc4 11. bxc4 Be6 12. Qe2 N8d7 13. Nf3 c5 14. Ng5 cxd4 15. Nxe6 fxe6 16. Bxd4 dxe5 17. fxe5 0-0 18. Qg4 Nxe5 19. Qxe6+ Rf7 20. Bxe5 Bxe5 21. 0-0-0 Qd4 22. Rhf1 Qxc3+ 23. Bc2 Qb2+ 24. Kd2 Rd8+ 25. Ke3 Bd4+ 0-1

[Event "Maastricht Limburg op-A 8th"]
[Site "Maastricht"]
[Date "2014.06.07"]
[Round "2"]
[White "Mende, Andreas"]
[Black "Goudriaan, Etienne"]
[Result "0-1"]
[WhiteElo "2165"]
[BlackElo "2408"]
[PlyCount "102"]
[EventDate "2014.06.06"]
[EventType "swiss"]
[EventRounds "7"]
[EventCountry "NED"]
[SourceTitle "CBM 160 Extra"]
[Source "ChessBase"]
[SourceDate "2014.07.01"]
[SourceVersion "1"]
[SourceVersionDate "2014.07.01"]
[SourceQuality "1"]

1. d4 Nf6 2. c4 e6 3. g3 d5 4. Nf3 dxc4 5. Bg2 a6 6. 0-0 Nc6 7. Nc3 Be7 8. e4 0-0 9. Qe2 b5 10. Rd1 Bb7 11. d5 exd5 12. e5 d4 13. exf6 Bxf6 14. Ne4 Re8 15. Nxf6+ Qxf6 16. Qd2 Rad8 17. Qg5 Nb4 18. Qxf6 gxf6 19. Bf4 c5 20. Bc7 Rd7 21. Bb6 Nd3 22. Rxd3 cxd3 23. Bxc5 Re2 24. b4 d2 25. Rd1 Bxf3 26. Bxf3 Re1+ 27. Kg2 Rxd1 28. Bxd1 Rd8 29. Kf3 Re8 30. Bxd4 Re1 31. Bb3 Kg7 32. Be3 d1Q+ 33. Bxd1 Rxd1 34. Ke4 Ra1 35. Kd5 Rxa2 36. Kc5 Kg6 37. h4 Kf5 38. Kb6 h5 39. Bc5 Ke4 40. Kc6 f5 41. Be3 Ra4 42. Kc5 Ra2 43. Kc6 f4 44. gxf4 f5 45. Kb6 Ra4 46. Kc5 Kf3 47. Bd2 Kg4 48. Kd5 Ra2 49. Be1 Re2 50. Bc3 Kxh4 51. f3 Kg3 0-1

[Event "Maastricht Limburg op-A 8th"]
[Site "Maastricht"]
[Date "2014.06.06"]
[Round "1"]
[White "Schiffers, Sascha"]
[Black "Mende, Andreas"]
[Result "1-0"]
[WhiteElo "2079"]
[BlackElo "2165"]
[PlyCount "101"]
[EventDate "2014.06.06"]
[EventType "swiss"]
[EventRounds "7"]
[EventCountry "NED"]
[SourceTitle "CBM 160 Extra"]
[Source "ChessBase"]
[SourceDate "2014.07.01"]
[SourceVersion "1"]
[SourceVersionDate "2014.07.01"]
[SourceQuality "1"]

1. e4 c5 2. c3 Nf6 3. e5 Nd5 4. d4 cxd4 5. cxd4 d6 6. Bc4 Nb6 7. Bb5+ Bd7 8. e6 fxe6 9. Bd3 Bc6 10. Nf3 Bxf3 11. Qxf3 Nc6 12. Be3 Nd5 13. Nc3 Qa5 14. 0-0 Nf6 15. Ne4 Nxe4 16. Bxe4 d5 17. Qh5+ Kd7 18. Bg6 hxg6 19. Qxh8 e5 20. dxe5 e6 21. f4 Ne7 22. g4 Qb5 23. Qh3 Rc8 24. Rf2 Rc4 25. Qf1 Qa5 26. Rd1 Qxa2 27. Qd3 Qa6 28. Rff1 Ra4 29. Qxa6 Rxa6 30. Ra1 Rxa1 31. Rxa1 Nc6 32. Kg2 a6 33. h4 d4 34. Rd1 Bc5 35. Kf3 Ke7 36. Bf2 a5 37. Ke4 Bb6 38. Rh1 Kf7 39. h5 gxh5 40. Rxh5 Kg6 41. Rh1 Kf7 42. Rd1 Ba7 43. f5 Bb6 44. Bxd4 Bxd4 45. Rxd4 Nxd4 46. Kxd4 exf5 47. gxf5 g5 48. fxg6+ Kxg6 49. Kc5 a4 50. Kd6 Kf7 51. Kd7 1-0

[Event "London Classic op 5th"]
[Site "London"]
[Date "2013.12.08"]
[Round "2"]
[White "Pert, Richard G"]
[Black "Mende, Andreas"]
[Result "1-0"]
[WhiteElo "2433"]
[BlackElo "2161"]
[PlyCount "131"]
[EventDate "2013.12.07"]
[EventType "swiss"]
[EventRounds "9"]
[EventCountry "ENG"]
[SourceTitle "CBM 157 Extra"]
[Source "ChessBase"]
[SourceDate "2013.12.19"]
[SourceVersion "1"]
[SourceVersionDate "2013.12.19"]
[SourceQuality "1"]

1. d4 d5 2. c4 e6 3. Nf3 c5 4. cxd5 exd5 5. Nc3 Nc6 6. dxc5 d4 7. Na4 Bxc5 8. Nxc5 Qa5+ 9. Bd2 Qxc5 10. Rc1 Qb6 11. e3 Nf6 12. Nxd4 Nxd4 13. exd4 0-0 14. Bc4 Bg4 15. Qb3 Rae8+ 16. Be3 Qa5+ 17. Qc3 Qh5 18. 0-0 b5 19. Bb3 Nd5 20. Bxd5 Qxd5 21. Qb3 Be6 22. Qxd5 Bxd5 23. b3 Rc8 24. Rc5 Rxc5 25. dxc5 Bc6 26. Rd1 Rc8 27. f3 f6 28. Kf2 Kf7 29. b4 Ke7 30. Bf4 Kf7 31. h4 Re8 32. Rd6 Re6 33. Rd3 a6 34. Bd6 Re8 35. Bf4 Re6 36. Ra3 Bb7 37. Ra5 Ke8 38. Bd6 Kd7 39. a4 Kc6 40. axb5+ axb5 41. Ra1 Re8 42. Rd1 Rd8 43. Re1 Rd7 44. Rd1 Rd8 45. h5 Bc8 46. g4 Be6 47. Kg3 Bf7 48. Ra1 Kb7 49. Kf4 Bd5 50. Re1 Rd7 51. Re8 Bc4 52. Ke4 Rf7 53. Kd4 Kc6 54. Rc8+ Kb7 55. Re8 h6 56. Rf8 Rd7 57. Rb8+ Ka7 58. Re8 f5 59. Ke5 fxg4 60. fxg4 Bf7 61. Re7 Rxe7+ 62. Bxe7 Be8 63. Bf8 g6 64. hxg6 Bxg6 65. Bxh6 Kb7 66. Kf6 1-0

[Event "Boeblingen op 25th"]
[Site "Boeblingen"]
[Date "2008.12.27"]
[Round "4"]
[White "Strohhaeker, Raoul"]
[Black "Mende, Andreas"]
[Result "1-0"]
[WhiteElo "2444"]
[BlackElo "2203"]
[PlyCount "103"]
[EventDate "2008.12.26"]
[EventType "swiss"]
[EventRounds "9"]
[EventCountry "GER"]
[SourceTitle "CBM 128 Extra"]
[Source "ChessBase"]
[SourceDate "2009.03.05"]
[SourceVersion "2"]
[SourceVersionDate "2009.03.25"]
[SourceQuality "1"]

1. e4 c6 2. d4 d5 3. e5 c5 4. dxc5 e6 5. Bd3 Nc6 6. Nf3 Bxc5 7. 0-0 Nge7 8. a3 a5 9. Nc3 Ng6 10. Qe2 Nd4 11. Nxd4 Bxd4 12. Nb5 Bxe5 13. Bxg6 Bxh2+ 14. Kxh2 Qh4+ 15. Kg1 hxg6 16. f4 Qh2+ 17. Kf2 Qh4+ 18. g3 Qe7 19. Ke1 f6 20. Be3 Kf7 21. Kd2 Bd7 22. Rh1 Rhc8 23. c3 Rc4 24. Nd4 Rac8 25. Raf1 e5 26. fxe5 Qxe5 27. Nf3 Qxg3 28. Rhg1 Qd6 29. Nd4 Qb6 30. Rb1 Re8 31. Qg2 g5 32. b3 Rxc3 33. Qxd5+ Be6 34. Qb5 Qc7 35. Rgc1 Rc8 36. Rxc3 Qxc3+ 37. Ke2 Bg4+ 38. Kf2 Re8 39. Qc4+ Qxc4 40. bxc4 Re7 41. Rb5 a4 42. Rb4 Bd1 43. Nb5 Rd7 44. c5 Ke6 45. Nd6 Bb3 46. Nxb7 Bd5 47. c6 Rc7 48. Bb6 Rc8 49. Nd8+ Kd6 50. c7 Rxc7 51. Bxc7+ Kxc7 52. Rxa4 1-0

[Event "NRW Class2 0708"]
[Site "Germany"]
[Date "2007.12.09"]
[Round "4.3"]
[White "Mende, Andreas"]
[Black "Rijnaarts, Sjef"]
[Result "0-1"]
[WhiteElo "2201"]
[BlackElo "2292"]
[PlyCount "72"]
[EventDate "2007.09.16"]
[EventType "team"]
[EventRounds "9"]
[EventCountry "GER"]
[SourceTitle "EXT 2009"]
[Source "ChessBase"]
[SourceDate "2008.11.26"]
[SourceVersion "1"]
[SourceVersionDate "2008.11.26"]
[SourceQuality "1"]
[WhiteTeam "Niederkassel"]
[BlackTeam "Emsdetten II"]
[WhiteTeamCountry "GER"]
[BlackTeamCountry "GER"]

1. e4 c5 2. Nf3 Nc6 3. d4 cxd4 4. Nxd4 Nf6 5. Nc3 e5 6. Ndb5 d6 7. Bg5 a6 8. Na3 b5 9. Bxf6 gxf6 10. Nd5 f5 11. Bd3 Be6 12. 0-0 Bg7 13. Qh5 f4 14. c4 b4 15. Nc2 a5 16. Kh1 Bf8 17. c5 Rb8 18. cxd6 Bxd6 19. Qh6 Bxd5 20. Qg7 Be6 21. Qxh8+ Bf8 22. Rad1 Qh4 23. b3 Qh5 24. f3 Qg6 25. Bc4 Ke7 26. Bxe6 fxe6 27. Rd3 Bg7 28. Qxb8 Nxb8 29. Rfd1 Qe8 30. a4 Nc6 31. Rd6 Nd4 32. Nxd4 Kxd6 33. Nf5+ Kc6 34. Rc1+ Kb6 35. Nd6 Qd7 36. Rd1 Kc6 0-1